书目信息 |
| 题名: |
畜禽肉食加工刀法
|
|
| 作者: | 喻成清 主编 | |
| 分册: | ||
| 出版信息: | 合肥 安徽人民出版社 2007.03 |
|
| 页数: | 95页 | |
| 开本: | 29cm | |
| 丛书名: | 烹饪刀工技法应用丛书 | |
| 单 册: | ||
| 中图分类: | TS972.111 | |
| 科图分类: | ||
| 主题词: | 畜禽--肉类--原料--加工--图解 , 畜禽 , 肉类 , 原料 | |
| 电子资源: | ||
| ISBN: | 978-7-212-03029-2 | |
| 000 | 00926oam2 2200289 450 | |
| 001 | 003476316 | |
| 005 | 20070720133120.0 | |
| 010 | @a978-7-212-03029-2@dCNY29.80@z7-212-03029-5 | |
| 100 | @a20100913d2007 em y0chiy0110 ea | |
| 101 | 0 | @achi |
| 102 | @aCN@b340000 | |
| 105 | @aa z 000yy | |
| 200 | 1 | @a畜禽肉食加工刀法@Achu qin rou shi jia gong dao fa@f喻成清主编 |
| 210 | @a合肥@c安徽人民出版社@d2007.03 | |
| 215 | @a95页@d29cm | |
| 225 | 2 | @a烹饪刀工技法应用丛书@e全彩版 |
| 300 | @a第一套全彩版烹饪刀工技能升级读物 | |
| 330 | @a本书从烹饪实际应用的角度,科学全面地介绍了禽畜类肉食食材的种类特点、初加工原则及常见畜禽肉食的加工刀法实例。 | |
| 461 | 0 | @12001 @a烹饪刀工技法应用丛书 |
| 606 | 0 | @a畜禽@x肉类@x原料@x加工@j图解 |
| 606 | 0 | @a畜禽 |
| 606 | 0 | @a肉类 |
| 606 | 0 | @a原料 |
| 690 | @aTS972.111@v5 | |
| 701 | 0 | @a喻成清@Ayu cheng qing@4主编 |
| 905 | @aBZT@dTS972.111@e5 | |
| 906 | @dCNY29.80@n0@r1 | |
| 畜禽肉食加工刀法/喻成清主编.-合肥:安徽人民出版社,2007.03 |
| 95页;29cm.-(烹饪刀工技法应用丛书:全彩版) |
| 第一套全彩版烹饪刀工技能升级读物 |
| ISBN 978-7-212-03029-2:CNY29.80 |
| 本书从烹饪实际应用的角度,科学全面地介绍了禽畜类肉食食材的种类特点、初加工原则及常见畜禽肉食的加工刀法实例。 |
| ● |
| 相关链接 |
|
|
|
正题名:畜禽肉食加工刀法
索取号:TS972.111/5
 
预约/预借
| 序号 | 登录号 | 条形码 | 馆藏地/架位号 | 状态 | 备注 |
| 1 | 770958 | 2000770958 | 中心书库中库/ 中库024架A面2列1层18/ [索取号:TS972.111/5] | 在馆 | |
| 2 | 770959 | 2000770959 | 中心书库中库/ 中库024架A面2列1层19/ [索取号:TS972.111/5] | 在馆 | |
| 3 | 770960 | 2000770960 | 中心书库中库/ 中库024架A面2列1层20/ [索取号:TS972.111/5] | 在馆 | |
| 4 | 770961 | 2000770961 | 中心书库中库/ 中库024架A面2列1层21/ [索取号:TS972.111/5] | 在馆 | |
| 5 | 770962 | 2000770962 | 中心书库中库/ 中库024架A面2列1层12/ [索取号:TS972.111/5] | 在馆 | |
| 6 | 770963 | 2000770963 | 中心书库中库/ 中库024架A面2列1层27/ [索取号:TS972.111/5] | 在馆 | |
| 7 | 770964 | 2000770964 | 中心书库中库/ 中库024架A面2列1层28/ [索取号:TS972.111/5] | 在馆 | |
| 8 | 770965 | 2000770965 | 中心书库中库/ 中库024架A面2列1层15/ [索取号:TS972.111/5] | 在馆 | |
| 9 | 770966 | 2000770966 | 中心书库中库/ 中库024架A面2列1层37/ [索取号:TS972.111/5] | 在馆 | |
| 10 | 770967 | 2000770967 | 中心书库中库/ 中库024架A面2列1层2/ [索取号:TS972.111/5] | 在馆 |